NCAA Division I Baseball Teams - Statistics

General Stats
  • This quiz has been taken 860 times
    524 since last reset
  • The average score is 180 of 305
Answer Stats
Conference Team % Correct
ACC Carolina Tar Heels
93%
SEC Florida Gators
93%
SEC Georgia Bulldogs
92%
MAC Ohio Bobcats
91%
Big 12 Texas Longhorns
91%
SEC Alabama Crimson Tide
90%
ACC Virginia Cavaliers
90%
ACC Clemson Tigers
89%
ACC Florida State Seminoles
89%
SEC Tennessee Volunteers
89%
Big Ten Indiana Hoosiers
88%
SEC LSU Tigers
88%
Big Ten Michigan Wolverines
88%
ACC Virginia Tech Hokies
88%
ACC Boston College Eagles
87%
Big Ten Illinois Fighting Illini
87%
ACC Miami Hurricanes
87%
MAC Miami of Ohio RedHawks
87%
Big Ten Michigan State Spartans
87%
ACC NC State Wolfpack
87%
ACC Notre Dame Fighting Irish
87%
Big Ten Ohio State Buckeyes
87%
SEC Vanderbilt Commodores
87%
SEC Arkansas Razorbacks
86%
SEC Auburn Tigers
86%
Big 12 Houston Cougars
86%
SEC Kentucky Wildcats
86%
ACC Louisville Cardinals
86%
SEC Missouri Tigers
86%
Big 12 Oklahoma Sooners
86%
Ivy League Penn Quakers
86%
Pac-12 UCLA Bruins
86%
Pac-12 Utah Utes
86%
Pac-12 Arizona Wildcats
85%
Pac-12 California Golden Bears
85%
ACC Georgia Tech Yellow Jackets
85%
Big Ten Iowa Hawkeyes
85%
Big 12 Kansas Jayhawks
85%
Big Ten Maryland Terrapins
85%
Big Ten Minnesota Golden Gophers
85%
SEC Ole Miss Rebels
85%
Pac-12 Oregon Ducks
85%
ACC Pittsburgh Panthers
85%
SEC South Carolina Gamecocks
85%
Big 12 Texas Tech Red Raiders
85%
Pac-12 Washington Huskies
85%
Big 12 Oklahoma State Cowboys
84%
Big Ten Penn State Nittany Lions
84%
SEC Texas A&M Aggies
84%
Pac-12 USC Trojans
84%
Pac-12 Arizona State Sun Devils
83%
A-10 Dayton Flyers
83%
ACC Duke Blue Devils
83%
Big 12 Kansas State Wildcats
83%
Big Ten Nebraska Cornhuskers
83%
Pac-12 Oregon State Beavers
83%
WCC San Diego Toreros
83%
Big 12 West Virginia Mountaineers
83%
MAC Akron Zips
82%
MAC Bowling Green Falcons
82%
Ivy League Harvard Crimson
82%
SEC Mississippi State Bulldogs
82%
Pac-12 Stanford Cardinal
82%
Pac-12 Washington State Cougars
82%
Big 12 Cincinnati Bearcats
81%
Mountain West New Mexico Lobos
81%
Mountain West Air Force Falcons
80%
Patriot Army Black Knights
80%
Big 12 BYU Cougars
80%
Mountain West Fresno State Bulldogs
80%
AAC Memphis Tigers
80%
Mountain West San Diego State Aztecs
80%
ACC Wake Forest Demon Deacons
80%
Patriot Navy Midshipmen
79%
MAC Toledo Rockets
79%
Big 12 Baylor Bears
78%
A-10 Richmond Spiders
78%
Big Ten Rutgers Scarlet Knights
78%
AAC Charlotte 49ers
77%
Big 12 TCU Horned Frogs
77%
Mountain West UNLV Rebels
77%
Mountain West Nevada Wolf Pack
76%
Big Ten Purdue Boilermakers
76%
Mountain West San Jose State Spartans
76%
Big East UConn Huskies
76%
A-10 UMass Minutemen
76%
Ivy League Yale Bulldogs
76%
MAC Kent State Golden Flashes
75%
A-10 Davidson Wildcats
74%
Ivy League Princeton Tigers
74%
Big 12 UCF Knights
74%
Big West Hawai'i Rainbow Warriors
73%
Big Ten Northwestern Wildcats
73%
AAC Wichita State Shockers
73%
America East Albany Great Danes
72%
A-10 Rhode Island Rams
71%
AAC Tulane Green Wave
71%
Big West Cal State Fullerton Titans
70%
MAC Eastern Michigan Eagles
70%
MVC Indiana State Sycamores
70%
ASUN Jacksonville Dolphins
70%
Sun Belt Louisiana Ragin' Cajuns
70%
AAC South Florida Bulls
70%
A-10 St. Louis Billikens
70%
Big West UC Davis Aggies
70%
Big West UC Irvine Anteaters
70%
MAC Western Michigan Broncos
70%
Ivy League Brown Bears
69%
AAC Florida Atlantic Owls
69%
C-USA New Mexico State Aggies
69%
SWAC Southern Jaguars
69%
Big West UC Santa Barbara Gauchos
69%
MAC Central Michigan Chippewas
68%
Big West UC Riverside Highlanders
68%
AAC UTSA Roadrunners
68%
Sun Belt Coastal Carolina Chanticleers
67%
Ivy League Dartmouth Big Green
67%
Sun Belt Texas State Bobcats
67%
Sun Belt Troy Trojans
67%
Ivy League Columbia Lions
66%
Sun Belt Georgia State Panthers
66%
The Summit Omaha Mavericks
66%
AAC UAB Blazers
66%
Sun Belt Arkansas State Red Wolves
65%
ASUN Kennesaw State Owls
65%
Big West Long Beach State Dirtbags
65%
A-10 St. Bonaventure Bonnies
65%
The Summit North Dakota State Bison
64%
Ivy League Cornell Big Red
63%
CAA Delaware Fightin' Blue Hens
63%
CAA Elon Phoenix
63%
C-USA FIU Panthers
63%
Big West Bakersfield Roadrunners
62%
CAA Charleston Cougars
62%
Big South High Point Panthers
62%
MAC Northern Illinois Huskies
62%
WCC Portland Pilots
62%
AAC East Carolina Pirates
61%
OVC Little Rock Trojans
61%
Sun Belt Louisiana-Monroe Warhawks
61%
MVC Missouri State Bears
61%
Sun Belt Appalachian State Mountaineers
60%
C-USA Jacksonville State Gamecocks
60%
America East Maine Black Bears
60%
AAC Rice Owls
60%
C-USA Western Kentucky Hilltoppers
60%
Big West CSUN Matadors
59%
WCC Gonzaga Bulldogs
59%
Sun Belt Marshall Thundering Herd
59%
C-USA Middle Tennessee Blue Raiders
59%
MVC Murray State Racers
59%
MAC Ball State Cardinals
58%
Sun Belt Georgia Southern Eagles
58%
SWAC Grambling Tigers
58%
Sun Belt James Madison Dukes
58%
The Summit South Dakota State Jackrabbits
58%
Big East St. John's Red Storm
58%
America East UMass-Lowell River Hawks
58%
SoCon UNC Greensboro Spartans
58%
Big East Creighton Bluejays
57%
MVC Evansville Purple Aces
57%
MVC Illinois State Redbirds
57%
WCC San Francisco Dons
57%
Sun Belt Southern Miss Golden Eagles
57%
CAA Stony Brook Seawolves
57%
SWAC Jackson State Tigers
56%
Sun Belt South Alabama Jaguars
56%
MVC Southern Illinois Salukis
56%
Big South UNC Asheville Bulldogs
56%
Southland New Orleans Privateers
55%
WAC Sacramento State Hornets
55%
CAA UNC Wilmington Seahawks
55%
SWAC Arkansas-Pine Bluff Golden Lions
54%
C-USA Louisiana Tech Bulldogs
54%
WCC Santa Clara Broncos
54%
CAA Towson Tigers
54%
MVC Valparaiso Beacons
54%
A-10 VCU Rams
54%
SWAC Alabama State Hornets
52%
NEC Delaware State Hornets
52%
Big East Georgetown Hoyas
52%
WAC Grand Canyon Antelopes
52%
OVC Morehead State Eagles
52%
A-10 George Mason Patriots
51%
NEC LIU Sharks
51%
WAC UT Arlington Mavericks
51%
Big East Xavier Musketeers
51%
NEC Norfolk State Spartans
50%
Big South Radford Highlanders
50%
C-USA Sam Houston Bearkats
50%
Southland Texas A&M-Corpus Christi Islanders
50%
C-USA Liberty Flames
49%
WAC Abilene Christian Wildcats
48%
Big East Butler Bulldogs
48%
ASUN Eastern Kentucky Colonels
48%
MAAC Fairfield Stags
48%
ASUN Florida Gulf Coast Eagles
48%
WAC Stephen F. Austin Lumberjacks
48%
OVC Tennessee Tech Golden Eagles
48%
Big East Villanova Wildcats
48%
OVC Eastern Illinois Panthers
47%
A-10 Fordham Rams
47%
A-10 George Washington Revolutionaries
47%
Patriot Lafayette Leopards
47%
SWAC Alabama A&M Bulldogs
46%
Patriot Holy Cross Crusaders
46%
Sun Belt Old Dominion Monarchs
46%
WCC Pepperdine Waves
46%
OVC UT Martin Skyhawks
46%
MAAC Manhattan Jaspers
45%
CAA Northeastern Huskies
45%
Patriot Lehigh Mountain Hawks
44%
Horizon Northern Kentucky Norse
44%
SWAC Prairie View A&M Panthers
44%
Horizon Purdue Fort Wayne Mastodons
44%
WAC Seattle Redhawks
44%
Big East Seton Hall Pirates
44%
ASUN Stetson Hatters
44%
America East UMBC Retrievers
44%
OVC Western Illinois Leathernecks
44%
CAA William & Mary Tribe
44%
Big West Cal Poly Mustangs
43%
SoCon East Tennessee State Buccaneers
43%
WCC Loyola Marymount Lions
43%
America East NJIT Highlanders
43%
WCC St. Mary's Gaels
43%
NEC Central Connecticut Blue Devils
42%
SWAC Florida A&M Rattlers
42%
ASUN North Alabama Lions
42%
The Summit Northern Colorado Bears
42%
A-10 St. Joseph's Hawks
42%
Patriot Bucknell Bison
41%
ASUN North Florida Ospreys
41%
Horizon Oakland Golden Grizzlies
41%
The Summit Oral Roberts Golden Eagles
41%
Big South USC Upstate Spartans
41%
SoCon Wofford Terriers
41%
ASUN Central Arkansas Bears
40%
Big South Charleston Southern Buccaneers
40%
MAAC St. Peter's Peacocks
40%
MVC UIC Flames
40%
SoCon VMI Keydets
40%
MVC Belmont Bruins
39%
America East Bryant Bulldogs
39%
Southland McNeese Cowboys
39%
Horizon Milwaukee Panthers
39%
The Summit St. Thomas Tommies
38%
SoCon The Citadel Bulldogs
38%
WAC Utah Tech Trailblazers
38%
America East Binghamton Bearcats
37%
Southland Houston Christian Huskies
37%
MAAC Iona Gaels
37%
SoCon Mercer Bears
37%
SWAC Texas Southern Tigers
37%
WAC Utah Valley Wolverines
37%
SoCon Western Carolina Catamounts
37%
C-USA Dallas Baptist Patriots
36%
OVC SIU Edwardsville Cougars
36%
OVC Southeast Missouri State Redhawks
36%
OVC Southern Indiana Screaming Eagles
36%
ASUN Austin Peay Governors
35%
CAA Campbell Fighting Camels
35%
ASUN Lipscomb Bisons
35%
MAAC Marist Red Foxes
35%
ASUN Queens Royals
35%
Horizon Youngstown State Penguins
35%
SWAC Bethune-Cookman Wildcats
34%
MAAC Mount St. Mary's Mountaineers
34%
SoCon Samford Bulldogs
34%
Big West UC San Diego Tritons
34%
MVC Bradley Braves
33%
CAA Hofstra Pride
33%
Southland Nicholls Colonels
33%
CAA North Carolina A&T Aggies
33%
MAAC Quinnipiac Bobcats
33%
NEC Wagner Seahawks
33%
ASUN Bellarmine Knights
32%
Southland Lamar Cardinals
32%
Big South Longwood Lancers
32%
NEC Merrimack Warriors
32%
MAAC Niagara Purple Eagles
32%
WCC Pacific Tigers
32%
Southland Southeastern Louisiana Lions
32%
SWAC Alcorn State Braves
31%
MAAC Canisius Golden Griffins
31%
NEC Fairleigh Dickinson Knights
31%
CAA Monmouth Hawks
31%
Southland Northwestern State Demons
31%
MAAC Siena Saints
31%
NEC Stonehill Skyhawks
31%
Horizon Wright State Raiders
31%
Big South Gardner-Webb Diamond 'Dogs
30%
OVC Lindenwood Lions
30%
SWAC Mississippi Valley State Delta Devils
30%
Southland Incarnate Word Cardinals
29%
MAAC Rider Broncs
29%
NEC Sacred Heart Pioneers
29%
NEC Eastern Shore Hawks
28%
Big South Winthrop Eagles
28%
Big South Presbyterian Blue Hose
27%
WAC UTRGV Vaqueros
27%
WAC Cal Baptist Lancers
25%
NEC Coppin State Eagles
25%
WAC Tarleton Texans
22%
NEC Le Moyne Dolphins
21%
No matching quizzes found
Score Distribution
Percent of People with Each Score
Percentile by Number Answered
Your Score History
You have not taken this quiz since the last reset